000 00787nab a2200241 u 4500
001 10725
003 HDC
007 cr bn ---aaaaa
008 210205c my dr|nes 0 a may d
040 _aHDC
245 0 _aProduk halal dapat perhatian pelabur Jepun
260 _a[No place] :
_b[publisher not identified],
_c[no year]
336 _atext
_2rdacontent
337 _acomputer
_2rdamedia
338 _aonline resource
_2rdacarrier
650 _aHalal industry
_9144
650 _aHalal product
_948
650 _aHealth supplement
_95184
856 _zRequest full-text at [email protected]
942 _2lcc
942 _cNEWS
942 _kNWSC 003922
999 _c8048
_d8048